[Event "IX EICC"]
[Site "Plovdiv BUL"]
[Date "2008.04.29"]
[Round "8"]
[White "Gajewski,G"]
[Black "Lomsadze,D"]
[Result "1-0"]
[WhiteElo "2601"]
[BlackElo "2394"]
[EventDate "2008.04.21"]

1. d4 Nf6 2. Nf3 c5 3. d5 e6 4. c4 b5 5. dxe6 fxe6 6. cxb5 d5 7. g3 Qa5+ 8.
Nbd2 Qxb5 9. Bg2 Be7 10. O-O O-O 11. b3 Ba6 12. Ng5 Qb6 13. Nc4 dxc4 14.
Bxa8 Nc6 15. Bxc6 Qxc6 16. bxc4 Bb7 17. f3 h6 18. Nh3 e5 19. Rb1 Ba6 20.
Qc2 Qe6 21. Nf2 Bxc4 22. Rb7 Bd5 23. Rxa7 Nh5 24. Rd1 Bc6 25. Qb3 Qxb3 26.
axb3 Re8 27. Bb2 Bf8 28. e4 Bb5 29. Kg2 Nf6 30. Rb7 Bc6 31. Rc7 Ba8 32. Ba3
g5 33. g4 h5 34. h3 1-0

[Event "IX EICC"]
[Site "Plovdiv BUL"]
[Date "2008.04.29"]
[Round "8"]
[White "Svetushkin,D"]
[Black "Chudinovskikh,A"]
[Result "1-0"]
[WhiteElo "2568"]
[BlackElo "2392"]
[EventDate "2008.04.21"]

1. e4 e5 2. Nf3 Nc6 3. Bb5 a6 4. Ba4 Nf6 5. O-O Be7 6. d3 d6 7. c3 O-O 8.
Re1 b5 9. Bc2 d5 10. Bg5 dxe4 11. dxe4 Qxd1 12. Rxd1 Be6 13. Nbd2 Rfd8 14.
h3 Rd7 15. Be3 h6 16. Bb3 Rad8 17. Bxe6 fxe6 18. Rdc1 Bd6 19. Kf1 Na5 20.
Ke2 c5 21. a4 Nc6 22. axb5 axb5 23. Ra6 Rc7 24. Rca1 Rb8 25. b3 Kf8 26. Ne1
Ke7 27. Nd3 Nd7 28. f3 Rbb7 29. Ra8 Ncb8 30. c4 bxc4 31. bxc4 Nc6 32. g3
Nd4+ 33. Kd1 Nb3 34. Nxb3 Rxb3 35. Kc2 Rcb7 36. R8a7 R3b6 37. R1a5 g5 38.
R5a6 Rxa6 39. Rxa6 Rc7 40. h4 gxh4 41. gxh4 Nb8 42. Ra8 Nc6 43. Rh8 Nd8 44.
Rxh6 Ra7 45. Bg5+ 1-0

[Event "IX EICC"]
[Site "Plovdiv BUL"]
[Date "2008.04.29"]
[Round "8"]
[White "Saric,A"]
[Black "Lilov,Valeri"]
[Result "1/2-1/2"]
[WhiteElo "2505"]
[BlackElo "2385"]
[EventDate "2008.04.21"]

1. c4 e5 2. Nc3 Nc6 3. g3 f5 4. Bg2 Nf6 5. e3 d5 6. Nxd5 Nxd5 7. cxd5 Nb4
8. d3 c6 9. a3 Qa5 10. Kf1 Nxd5 11. Qb3 Bd6 12. Ne2 Nc7 13. e4 Qa6 14. Qc4
Qb6 15. Qc2 fxe4 16. Be3 exd3 17. Qxd3 Bc5 18. Qc3 Bxe3 19. Qxe5+ Ne6 20.
fxe3 O-O+ 21. Kg1 Nc5 22. Nf4 a5 23. Nh5 Rf7 24. Rf1 Ne6 25. Rxf7 Kxf7 26.
Bh3 Qb3 27. Bxe6+ Bxe6 28. Qxg7+ Ke8 29. Qh8+ Ke7 30. Qf6+ Kd7 31. Qd4+ Kc7
32. Nf4 Rd8 33. Qe5+ Kb6 34. Nxe6 Rd1+ 35. Kg2 Qc2+ 36. Kh3 Rxh1 37. Qd4+
c5 38. Qd8+ Kb5 39. Nc7+ Kc6 40. Qd5+ Kxc7 41. Qxh1 Qxb2 42. Qe4 Qxa3 43.
Qxh7+ Kb6 44. Qg6+ Ka7 45. e4 Qc3 46. Qe8 Qc4 47. Qd8 Qa6 48. e5 Qe6+
1/2-1/2

[Event "IX EICC"]
[Site "Plovdiv BUL"]
[Date "2008.04.29"]
[Round "8"]
[White "Rasmussen,Kar"]
[Black "Chigladze,I"]
[Result "1/2-1/2"]
[WhiteElo "2486"]
[BlackElo "2384"]
[EventDate "2008.04.21"]

1. d4 Nf6 2. c4 g6 3. g3 c6 4. Bg2 d5 5. Qa4 Bg7 6. cxd5 Nxd5 7. Nf3 O-O 8.
O-O Nd7 9. e4 N5b6 10. Qc2 e5 11. a4 a5 12. Bg5 Qe8 13. Be3 exd4 14. Nxd4
Qe7 15. Ne2 Qb4 16. Nbc3 Nc4 17. Bc1 Nc5 18. Rb1 Qb3 19. Qd1 f5 20. Bg5 Re8
21. Qxb3 Nxb3 22. Rfd1 fxe4 23. Bxe4 Nc5 24. f3 Nxe4 25. Nxe4 h6 26. Bc1
Bf5 27. N2c3 Rad8 28. Bf4 g5 29. Bc7 Rxd1+ 30. Rxd1 Nxb2 31. Rc1 Nc4 32. g4
Bg6 33. Kf2 Rc8 34. Bg3 Rd8 35. h4 Nd2 36. hxg5 Nxe4+ 37. Nxe4 Bxe4 38.
fxe4 hxg5 39. Rb1 Rd4 40. e5 Rd7 41. Ke3 Kf7 42. Ke4 Ke6 43. Rb3 Bf8 44.
Bf2 Bg7 45. Bg3 Rd5 46. Rxb7 Bxe5 47. Bf2 Bd6 48. Bd4 Be5 49. Be3 Bf6 50.
Rc7 Kd6 51. Rf7 Re5+ 52. Kd3 Be7 53. Bd4 Re1 54. Rf5 Bd8 55. Rf8 Kd7 56.
Rf7+ Ke8 57. Rf5 Rb1 58. Bc3 Rg1 59. Bxa5 Rxg4 60. Bxd8 Kxd8 61. a5 Kc7 62.
Rf7+ Kd6 63. a6 Ke5 64. Rc7 Rg3+ 65. Ke2 Rg2+ 66. Kf3 1/2-1/2

[Event "IX EICC"]
[Site "Plovdiv BUL"]
[Date "2008.04.29"]
[Round "8"]
[White "Efimov,Ig"]
[Black "Kostic,Neb"]
[Result "1-0"]
[WhiteElo "2469"]
[BlackElo "2334"]
[EventDate "2008.04.21"]

1. d4 d6 2. e4 Nf6 3. f3 c6 4. c4 e5 5. Ne2 Be7 6. Nbc3 c5 7. d5 Nbd7 8.
Be3 O-O 9. Qd2 a6 10. Ng3 Ne8 11. Bd3 Bh4 12. O-O g6 13. a3 Ng7 14. b4 b6
15. Rab1 Nf6 16. Nge2 Nd7 17. Na4 f6 18. g3 Bg5 19. f4 Bh6 20. Nxb6 Nxb6
21. bxc5 dxc5 22. Bxc5 Nd7 23. Be3 f5 24. c5 fxe4 25. Bxe4 Nf6 26. Bg2 e4
27. Nc3 Nf5 28. d6 Kh8 29. Nxe4 Nxe4 30. Bxe4 Nxe3 31. Qxe3 Re8 32. Qd3
Rxe4 33. Qxe4 Bf5 34. Qb7 Rc8 35. Rbc1 Bg7 36. Rfd1 Qe8 37. Qf3 Bd7 38. Re1
Qd8 39. Qe3 Qa5 40. h3 h5 41. Kh2 Kh7 42. f5 gxf5 43. Qg5 Qxa3 44. Rc2 Qb3
45. Rg2 Rf8 46. Re7 Rf7 47. Rxd7 1-0

[Event "IX EICC"]
[Site "Plovdiv BUL"]
[Date "2008.04.29"]
[Round "8"]
[White "Kotrotsos,V"]
[Black "Khmelniker,I"]
[Result "1/2-1/2"]
[WhiteElo "2323"]
[BlackElo "2459"]
[EventDate "2008.04.21"]

1. e4 e5 2. Nf3 Nc6 3. d4 exd4 4. Nxd4 Nf6 5. Nxc6 bxc6 6. e5 Qe7 7. Qe2
Nd5 8. c4 Ba6 9. b3 g5 10. g3 Bg7 11. Bb2 O-O-O 12. Nd2 Nb4 13. O-O-O Nxa2+
14. Kb1 Nb4 15. Bh3 Bb7 16. Rhe1 Kb8 17. Ne4 c5 18. Qe3 d6 19. Nxg5 dxe5
20. Ne4 Rd4 21. Bxd4 exd4 22. Qf4 Re8 23. Bf5 d3 24. Re3 Bd4 25. Nxc5 Bxe3
26. Qxe3 Qxe3 27. fxe3 Bf3 28. Rd2 Be2 29. Kb2 Rxe3 30. Kc3 a5 31. Kd4 Nc2+
32. Kc3 Ne1 33. Bxd3 Bxd3 34. Nxd3 Nf3 35. Rf2 Ne5 36. Rd2 c5 37. Kc2 a4
1/2-1/2

[Event "IX EICC"]
[Site "Plovdiv BUL"]
[Date "2008.04.29"]
[Round "8"]
[White "Damaso,R"]
[Black "Nikolaidis,K"]
[Result "1/2-1/2"]
[WhiteElo "2449"]
[BlackElo "2299"]
[EventDate "2008.04.21"]

1. d4 Nf6 2. Nf3 e6 3. c4 b6 4. g3 Ba6 5. b3 Bb7 6. Bg2 Bb4+ 7. Bd2 c5 8.
Bxb4 cxb4 9. a3 Na6 10. O-O O-O 11. e3 Qe7 12. Ne5 d5 13. Nd3 Rfc8 14. axb4
Nxb4 15. Nxb4 Qxb4 16. Ra4 Qe7 17. Nd2 1/2-1/2

[Event "IX EICC"]
[Site "Plovdiv BUL"]
[Date "2008.04.29"]
[Round "8"]
[White "Yordanov,N"]
[Black "Grecescu,G"]
[Result "1-0"]
[WhiteElo "2296"]
[BlackElo "2423"]
[EventDate "2008.04.21"]

1. e4 c5 2. Nf3 Nc6 3. d4 cxd4 4. Nxd4 g6 5. Nc3 Bg7 6. Be3 Nf6 7. Bc4 O-O
8. Bb3 a5 9. O-O a4 10. Nxa4 Nxe4 11. Nb5 d6 12. Qe2 Nf6 13. Bb6 Qd7 14.
Nc7 Rb8 15. Rad1 Qg4 16. f3 Qh4 17. Rfe1 Bf5 18. Bf2 Qg5 19. Nb6 Rbd8 20.
h4 Qh5 21. Ncd5 Nxd5 22. Nxd5 Bc8 23. Nxe7+ Nxe7 24. Qxe7 Rd7 25. Qe3 Qe5
26. c3 Qf6 27. Qb6 Rdd8 28. Re4 Bf5 29. Bd4 Bxe4 30. Bxf6 Bxf6 31. fxe4
Bxh4 32. Rxd6 Rde8 33. Rxg6+ hxg6 34. Qxg6+ 1-0

[Event "IX EICC"]
[Site "Plovdiv BUL"]
[Date "2008.04.29"]
[Round "8"]
[White "Perunovic,Mio"]
[Black "Koepke,C"]
[Result "1/2-1/2"]
[WhiteElo "2420"]
[BlackElo "2296"]
[EventDate "2008.04.21"]

1. d4 f5 2. c4 Nf6 3. Nc3 d6 4. Nf3 g6 5. g3 Bg7 6. Bg2 O-O 7. O-O Qe8 8.
Nd5 Nxd5 9. cxd5 Nd7 10. Ng5 Nb6 11. a4 c6 12. dxc6 bxc6 13. d5 c5 14. Ra2
Rb8 15. Re1 Na8 16. e4 Nc7 17. b3 h6 18. Nh3 fxe4 19. Rxe4 Bf5 20. Re1 g5
21. f4 g4 22. Nf2 Qd7 23. Rae2 Rf7 24. Be4 Kf8 25. Bg2 Rb4 26. Ba3 Rd4 27.
Rd2 Rxd2 28. Qxd2 Kg8 29. Bb2 Rf8 30. Bxg7 Kxg7 31. b4 cxb4 32. Qxb4 Na6
33. Qd4+ Kg8 34. Re6 Bxe6 35. dxe6 Qe8 36. Nxg4 Qg6 37. Ne3 Nc5 38. f5 Rxf5
39. Nxf5 Qxf5 40. h4 Qe5 41. Qg4+ Qg7 42. Qf4 Qf6 43. Qc4 Kg7 44. Qg4+ Qg6
45. Qd4+ Qf6 46. Qg4+ Kh8 47. Bd5 Nd3 48. Qh5 Qf2+ 49. Kh1 Qxg3 50. Qe8+
Qg8 51. Qxe7 Nf2+ 52. Kh2 Ng4+ 53. Kh3 Nf2+ 54. Kh2 Ng4+ 1/2-1/2

[Event "IX EICC"]
[Site "Plovdiv BUL"]
[Date "2008.04.29"]
[Round "8"]
[White "Milchev,N"]
[Black "Haroutjunian,D"]
[Result "1-0"]
[WhiteElo "2415"]
[BlackElo "2293"]
[EventDate "2008.04.21"]

1. Nf3 c5 2. c3 Nf6 3. d4 e6 4. Bf4 Nc6 5. e3 d5 6. Nbd2 Be7 7. Bd3 O-O 8.
h3 a6 9. O-O b6 10. Qe2 Bb7 11. Rad1 c4 12. Bb1 b5 13. e4 dxe4 14. Nxe4
Nxe4 15. Qxe4 g6 16. Qe2 Re8 17. Bg3 Bf6 18. Rfe1 Ne7 19. Ne5 Nd5 20. Qg4
h5 21. Qe2 Bh4 22. Nxf7 Kxf7 23. Qe4 Bf6 24. Qxg6+ Kf8 25. Qxh5 Qd7 26. Re4
Re7 27. Rde1 Rae8 28. Rg4 Rg7 29. Bg6 Rd8 30. Qh6 Ne7 31. Bh7 Nd5 32. Re5
Kf7 33. Bg6+ Kf8 34. Be4 Qf7 35. Rg6 Ke7 36. Rxf6 Nxf6 37. Bxb7 Qg6 38.
Qxg6 Rxg6 39. Bxa6 Nd7 40. Bh4+ Ke8 41. Rh5 1-0

[Event "IX EICC"]
[Site "Plovdiv BUL"]
[Date "2008.04.29"]
[Round "8"]
[White "Bonev,T"]
[Black "Dimitrov,R"]
[Result "1/2-1/2"]
[WhiteElo "2285"]
[BlackElo "2409"]
[EventDate "2008.04.21"]

1. e4 c6 2. d4 d5 3. e5 Bf5 4. Nf3 e6 5. Be2 Nd7 6. Be3 Bg6 7. O-O Nh6 8.
b3 Nf5 9. Bf4 c5 10. c4 dxc4 11. d5 exd5 12. Qxd5 Nb6 13. Qxb7 Qc8 14.
Qxc8+ Rxc8 15. bxc4 Nd4 16. Nxd4 cxd4 17. Rd1 Bc5 18. Nd2 Ba3 19. Bg4 Rc5
20. Nb3 Rxc4 21. Rxd4 Rxd4 22. Nxd4 Nd5 23. Bc1 Bc5 24. Nb3 Be7 25. Bb2 Nb4
26. Rd1 Nd3 27. Bd4 O-O 28. Be2 Nf4 29. Bf1 Rd8 30. Rc1 Ne6 31. Be3 Ba3 32.
Re1 Bb4 33. Rc1 Ba3 34. Re1 Bb4 1/2-1/2

[Event "IX EICC"]
[Site "Plovdiv BUL"]
[Date "2008.04.29"]
[Round "8"]
[White "Vlashki,N"]
[Black "Loeffler,S"]
[Result "0-1"]
[WhiteElo "2206"]
[BlackElo "2409"]
[EventDate "2008.04.21"]

1. Nf3 Nf6 2. g3 d5 3. Bg2 c5 4. c4 d4 5. b4 Qc7 6. d3 e5 7. O-O cxb4 8. a3
Nc6 9. e3 dxe3 10. fxe3 e4 11. Nd4 exd3 12. axb4 Nxd4 13. exd4 Qxc4 14.
Re1+ Be7 15. Na3 Qxd4+ 16. Be3 Qxb4 17. Qxd3 O-O 18. Reb1 Qg4 19. Bxb7 Bxb7
20. Rxb7 Rfd8 21. Qb3 Nd5 22. Bf2 Bf6 23. Rf1 a5 24. Bb6 Bd4+ 25. Bxd4
Qxd4+ 26. Kh1 Rac8 27. Qf3 Nf6 28. Nb5 Qc4 29. Na3 Qd3 30. Qxd3 Rxd3 31.
Nc4 a4 32. Ra7 Rc3 33. Nb6 Rb8 34. Rxa4 h5 35. Rc4 Rd3 36. Rc6 Ng4 37. Nc4
Rc3 38. Ne5 Rxc6 39. Nxc6 Rb2 40. h4 Rb3 41. Rg1 Rd3 42. Nb4 Rd2 43. Rg2
Rd1+ 44. Rg1 Rd4 45. Nc6 Rd2 46. Re1 f6 47. Ne7+ Kf7 48. Nf5 Ne5 49. Rf1
Rd3 50. Ra1 g6 51. Ra7+ Ke6 52. Ng7+ Kd5 53. Kg2 Rd2+ 54. Kf1 Ke4 55. Ra3
Nc4 56. Ra4 Kf3 57. Ke1 Re2+ 58. Kf1 Ne3+ 59. Kg1 Re1+ 60. Kh2 Ng4+ 0-1

[Event "IX EICC"]
[Site "Plovdiv BUL"]
[Date "2008.04.29"]
[Round "8"]
[White "Todorovic,J"]
[Black "Ris,R"]
[Result "1/2-1/2"]
[WhiteElo "2406"]
[BlackElo "2395"]
[EventDate "2008.04.21"]

1. e4 e5 2. Nf3 Nc6 3. Bb5 a6 4. Ba4 Nf6 5. O-O Nxe4 6. d4 b5 7. Bb3 d5 8.
dxe5 Be6 9. Be3 Be7 10. c3 Nc5 11. Bc2 Nd7 12. Re1 Ndxe5 13. Nxe5 Nxe5 14.
Bd4 Nc6 15. Bxg7 Rg8 16. Qh5 Kd7 17. Bh6 Bc5 18. Nd2 Qf6 19. Be3 Bd6 20.
Nf1 Rg4 21. g3 Rag8 22. Bd1 Ne5 23. Bd4 Nf3+ 24. Bxf3 Qxf3 25. Qxh7 R8g6
26. b4 R4g5 27. Rxe6 Rxe6 28. Be3 Rh5 29. Qd3 f5 30. Rd1 c6 31. Qd4 Ke8 32.
Rd2 Rh7 33. Qb6 Be5 34. Bd4 Bxd4 35. Rxd4 Qxc3 36. Rxd5 Qf6 37. Qb8+ Kf7
38. Rd7+ Re7 39. Rd8 Qe5 40. Rf8+ Kg6 41. Qc8 Qd5 42. h4 Re1 43. Rg8+ Rg7
44. h5+ Kxh5 45. Rxg7 Rxf1+ 46. Kxf1 Qh1+ 47. Ke2 Qe4+ 48. Kf1 Qh1+ 1/2-1/2

[Event "IX EICC"]
[Site "Plovdiv BUL"]
[Date "2008.04.29"]
[Round "8"]
[White "Pavlidis,Ana"]
[Black "Grunberg,M"]
[Result "1/2-1/2"]
[WhiteElo "2280"]
[BlackElo "2422"]
[EventDate "2008.04.21"]

1. e4 Nf6 2. e5 Nd5 3. d4 d6 4. Nf3 dxe5 5. Nxe5 c6 6. Be2 Bf5 7. O-O Nd7
8. Nf3 e6 9. c4 N5f6 10. Nc3 Qc7 11. d5 Bd6 12. dxc6 bxc6 13. Bd3 Bg4 14.
h3 Bh5 15. Ne4 Nxe4 16. Bxe4 f5 17. Bd3 O-O 18. Be2 e5 19. Ng5 Bxe2 20.
Qxe2 Rae8 21. Be3 h6 22. c5 Nxc5 23. Qc4+ Kh8 24. Bxc5 Bxc5 25. Qxc5 hxg5
26. Rac1 Rf6 27. Qe3 Rh6 28. Qf3 Qf7 29. Rxc6 1/2-1/2

[Event "IX EICC"]
[Site "Plovdiv BUL"]
[Date "2008.04.29"]
[Round "8"]
[White "Berbatov,K"]
[Black "Willemze,T"]
[Result "1-0"]
[WhiteElo "2220"]
[BlackElo "2399"]
[EventDate "2008.04.21"]

1. e4 c6 2. d4 d5 3. e5 Bf5 4. Nc3 e6 5. g4 Bg6 6. Nge2 c5 7. h4 h5 8. Nf4
Bh7 9. Nxh5 Nc6 10. dxc5 Bxc5 11. Bg2 Nd4 12. Bg5 Qc7 13. O-O Kf8 14. Qd2
b5 15. Rac1 Rc8 16. Rfe1 Qb6 17. Nd1 Be4 18. b4 Bxg2 19. Kxg2 Be7 20. Be3
Rc4 21. c3 Nb3 22. axb3 Rxg4+ 23. Kf3 d4 24. Kxg4 Qc6 25. Bg5 Qg2+ 26. Ng3
f5+ 27. exf6 gxf6 28. Qxd4 e5 29. Qe4 Rxh4+ 30. Bxh4 1-0

[Event "IX EICC"]
[Site "Plovdiv BUL"]
[Date "2008.04.29"]
[Round "8"]
[White "Dorfanis,I"]
[Black "Moor,R"]
[Result "0-1"]
[WhiteElo "2207"]
[BlackElo "2378"]
[EventDate "2008.04.21"]

1. Nf3 Nf6 2. c4 b6 3. d4 Bb7 4. g3 e6 5. Bg2 c5 6. d5 exd5 7. Nh4 b5 8.
cxd5 g6 9. O-O d6 10. e4 Bg7 11. f4 O-O 12. Re1 Na6 13. a4 Nb4 14. axb5 Re8
15. Nc3 c4 16. Bf1 Nfxd5 17. Nxd5 Bxd5 18. exd5 Qb6+ 19. Kh1 Rxe1 20. Qxe1
Nc2 21. Qa5 Nxa1 22. Qxa1 Qf2 23. Bxc4 Bd4 24. Bd2 Qxd2 25. Nf3 Qe3 26.
Nxd4 Qe4+ 27. Nf3 Qxf3+ 28. Kg1 Qe3+ 29. Kf1 Re8 30. b3 Qd2 31. Qb1 Re3 0-1

[Event "IX EICC"]
[Site "Plovdiv BUL"]
[Date "2008.04.29"]
[Round "8"]
[White "Mihok,O"]
[Black "Stanoev,A"]
[Result "1-0"]
[WhiteElo "2352"]
[BlackElo "2193"]
[EventDate "2008.04.21"]

1. e4 c5 2. Nf3 d6 3. d4 cxd4 4. Qxd4 a6 5. c4 Nf6 6. Nc3 e6 7. Bg5 Be7 8.
Be2 Qc7 9. O-O O-O 10. Rfd1 Nbd7 11. Bh4 Rd8 12. Rac1 b6 13. Bg3 Ne8 14. b4
Bb7 15. a3 Rac8 16. Qe3 h6 17. Nd4 Qb8 18. f4 Qa8 19. Bd3 Nef6 20. f5 Nf8
21. fxe6 fxe6 22. Qe2 Re8 23. Kh1 N6d7 24. Bb1 Qb8 25. Ba2 Bf6 26. Nf3 Ne5
27. Nxe5 Bxe5 28. Bxe5 dxe5 29. Na4 Bc6 30. b5 axb5 31. cxb5 Ba8 32. Qe3
Rxc1 33. Rxc1 Qa7 34. Bb3 Rb8 35. Qc3 Bxe4 36. Qxe5 Bxg2+ 37. Kxg2 Qa8+ 38.
Kg1 Rb7 39. Bxe6+ Nxe6 40. Qxe6+ Kh7 41. Qe4+ Kh8 42. Nxb6 1-0

[Event "IX EICC"]
[Site "Plovdiv BUL"]
[Date "2008.04.29"]
[Round "8"]
[White "Ljangov,P"]
[Black "Ramesa,D"]
[Result "0-1"]
[WhiteElo "2192"]
[BlackElo "2321"]
[EventDate "2008.04.21"]

1. Nf3 d5 2. e3 Nf6 3. c4 c6 4. Qc2 e6 5. d4 Bd6 6. Nc3 Nbd7 7. Bd3 dxc4 8.
Bxc4 O-O 9. O-O e5 10. Ng5 h6 11. Nge4 Bc7 12. Nxf6+ Nxf6 13. dxe5 Bxe5 14.
Be2 Qe7 15. Bd2 Bc7 16. Bf3 Bg4 17. Bxg4 Nxg4 18. h3 Qh4 19. f4 Nf6 20. Qf5
g6 21. Qd3 Rad8 22. Qe2 Rfe8 23. Be1 Qh5 24. Qxh5 Nxh5 25. g4 Ng7 26. e4
Ne6 27. e5 Rd4 28. Bg3 Bb6 29. Kh1 Rd3 30. Ne4 Red8 31. Kg2 R8d4 32. Rf3
Rxf3 33. Kxf3 Rd3+ 34. Kg2 Re3 35. Nf6+ Kg7 36. Ne8+ Kf8 37. Nd6 Re2+ 38.
Kf1 Rxb2 39. f5 Nc5 40. Bf2 Rxf2+ 41. Kxf2 Nb3+ 42. Ke2 Nxa1 43. Kd3 Bc7
44. Nxb7 gxf5 45. gxf5 Ke7 46. e6 fxe6 47. fxe6 Bb6 48. Kc3 Kxe6 49. a4 Kd7
50. a5 Kc7 51. a6 Bf2 52. Kb2 Bd4+ 53. Ka2 Nc2 54. Kb3 Ne3 55. Na5 Bb6 56.
Nb7 Nf5 0-1

[Event "IX EICC"]
[Site "Plovdiv BUL"]
[Date "2008.04.29"]
[Round "8"]
[White "Badev,K"]
[Black "Hagesaether,A"]
[Result "0-1"]
[WhiteElo "2311"]
[BlackElo "2181"]
[EventDate "2008.04.21"]

1. Nc3 d5 2. d4 c6 3. e4 dxe4 4. Nxe4 Bf5 5. Ng3 Bg6 6. h4 h6 7. Nf3 Nd7 8.
h5 Bh7 9. Bd3 Bxd3 10. Qxd3 e6 11. Bd2 Ngf6 12. O-O-O Be7 13. Kb1 O-O 14.
Rhe1 c5 15. Bc1 Rc8 16. Ne5 cxd4 17. f4 Nc5 18. Qe2 Qb6 19. Rxd4 Nb3 20.
Rd3 Nd4 21. Qe3 Nxc2 22. Qxb6 axb6 23. Rf1 Nb4 24. Rd2 Nbd5 25. Re2 Bd6 26.
a3 b5 27. Rf3 Rfd8 28. Rb3 Rxc1+ 29. Kxc1 Nxf4 30. Re1 Bxe5 31. Rxe5 Nd3+
32. Rxd3 Rxd3 33. Ne2 Rd5 34. Rxd5 Nxd5 35. Nd4 Nc7 36. Kc2 g6 37. Kb3 e5
38. Nf3 e4 39. Nd4 Kg7 40. Kb4 Kf6 41. Ka5 Ke5 42. Ne2 Nd5 43. Kxb5 gxh5
44. a4 f5 45. a5 f4 46. Ng1 Kd4 47. b4 h4 0-1

[Event "IX EICC"]
[Site "Plovdiv BUL"]
[Date "2008.04.29"]
[Round "8"]
[White "Klokas,K"]
[Black "Milovic,J"]
[Result "0-1"]
[WhiteElo "2160"]
[BlackElo "2280"]
[EventDate "2008.04.21"]

1. e4 c5 2. Nf3 d6 3. d4 cxd4 4. Nxd4 Nf6 5. Nc3 g6 6. Be3 Bg7 7. f3 O-O 8.
Qd2 Nc6 9. Bc4 Bd7 10. O-O-O Rc8 11. Bb3 Ne5 12. Kb1 a5 13. a4 Nc4 14. Bxc4
Rxc4 15. b3 Rb4 16. g4 b5 17. g5 Nxe4 18. fxe4 bxa4 19. Nd5 Rb7 20. Ka2 e6
21. Nf6+ Bxf6 22. gxf6 Qxf6 23. Qxa5 e5 24. Rhf1 Qh4 25. Qd5 exd4 26. Qxb7
dxe3 27. Rfe1 Qxh2 28. Kb2 axb3 29. Qxb3 e2 30. Rd2 Be6 31. Qc3 Rb8+ 32.
Kc1 Qf4 33. Qd4 Qg3 34. Rdxe2 Qg5+ 35. Qe3 Qa5 36. Qd4 Ba2 37. c3 Rc8 38.
Kd2 Bc4 39. Rf2 Qa2+ 40. Ke3 Qa3 41. Rh1 Bb5 42. Rc2 Rc4 43. Qf6 Qa8 44.
Rh4 Qa7+ 45. Kf3 Qg1 46. Qxd6 Qf1+ 47. Kg3 Qe1+ 48. Kh3 Rxc3+ 49. Rxc3 Bf1+
50. Kg4 Qxc3 51. Qf4 h5+ 52. Kg5 Bc4 53. Qf6 Qa3 54. e5 Kh7 55. Qf4 Be6 56.
Kf6 Qf8 57. Kg5 Qh6+ 58. Kf6 g5+ 0-1

[Event "IX EICC"]
[Site "Plovdiv BUL"]
[Date "2008.04.29"]
[Round "8"]
[White "Medancic,R"]
[Black "Arnaudov,P"]
[Result "1-0"]
[WhiteElo "2247"]
[BlackElo "2162"]
[EventDate "2008.04.21"]

1. d4 Nf6 2. Nf3 b5 3. Bg5 Bb7 4. Nbd2 d6 5. e3 a6 6. c4 b4 7. Qa4+ Nbd7 8.
Qxb4 Rb8 9. Qc3 g6 10. Be2 Bg7 11. O-O O-O 12. Qc2 c5 13. d5 e5 14. Ne1 h6
15. Bh4 Qe8 16. e4 Nh7 17. Qd1 Bc8 18. b3 h5 19. h3 Bh6 20. g4 hxg4 21.
hxg4 Bf4 22. Kg2 Kg7 23. Rh1 Rh8 24. Nb1 Ndf8 25. Nc3 g5 26. Bg3 Ng6 27.
Nd3 Qe7 28. Rb1 a5 29. a4 Bd7 30. Nb5 Nf6 31. f3 Rxh1 32. Qxh1 Rh8 33. Qe1
Bxg3 34. Kxg3 Bxg4 35. fxg4 Nxe4+ 36. Kf3 Nf6 37. Ke3 Nf4 38. Qg1 Rh3+ 39.
Kd2 e4 40. Nc1 Qe5 41. Kc2 Nd7 42. Rb2 Qf6 43. Kb1 Ne5 44. Qe1 Rh2 45. Qc3
Rh1 46. Ka2 Rh2 47. Rc2 Nf3 48. Qe3 Ne1 49. Rd2 Ned3 50. Bxd3 Rh1 51. Bxe4
Rxc1 52. Rb2 Qe5 53. Qxc1 Qxe4 54. Qc3+ Kg6 55. Nxd6 1-0

[Event "IX EICC"]
[Site "Plovdiv BUL"]
[Date "2008.04.29"]
[Round "8"]
[White "Bozinovic,Bob"]
[Black "Sigalas,F"]
[Result "1/2-1/2"]
[WhiteElo "2134"]
[BlackElo "2250"]
[EventDate "2008.04.21"]

1. e4 c5 2. Nf3 d6 3. d4 cxd4 4. Qxd4 a6 5. Be3 Nc6 6. Qd2 Nf6 7. Nc3 Bg4
8. Nd4 Rc8 9. h3 Bd7 10. f4 Qc7 11. g4 Nxd4 12. Bxd4 Bc6 13. Bg2 b5 14.
O-O-O e5 15. Be3 Nd7 16. Kb1 Be7 17. g5 exf4 18. Bxf4 Ne5 19. h4 1/2-1/2

[Event "IX EICC"]
[Site "Plovdiv BUL"]
[Date "2008.04.30"]
[Round "9"]
[White "Fedorchuk,S"]
[Black "Nyback,T"]
[Result "0-1"]
[WhiteElo "2671"]
[BlackElo "2587"]
[EventDate "2008.04.21"]

1. e4 e5 2. Nf3 Nc6 3. Bc4 Bc5 4. c3 Nf6 5. d3 a6 6. Bb3 Ba7 7. O-O d6 8.
h3 h6 9. Re1 O-O 10. Nbd2 Ne7 11. Nf1 Ng6 12. Ng3 b5 13. Nh2 Be6 14. d4 Re8
15. Bxe6 Rxe6 16. d5 Re8 17. Nf5 Ne7 18. g4 Nxf5 19. gxf5 c6 20. dxc6 Rc8
21. a4 b4 22. c4 Bd4 23. Ra2 b3 24. Qxb3 Rxc6 25. Qd3 Qb6 26. Be3 Qb4 27.
Bd2 Qxc4 28. Qxc4 Rxc4 29. b3 Rc6 30. Nf3 Bc3 31. b4 Rb8 32. b5 axb5 33.
axb5 Rxb5 34. Ra8+ Kh7 35. Rf8 Bxd2 36. Nxd2 Rb2 37. Ra1 Rb7 38. Raa8 g6
39. Nf3 gxf5 40. exf5 Kg7 41. Nh2 Rb4 42. Nf1 Rf4 43. Ne3 d5 44. Rfc8 Rxc8
45. Rxc8 d4 46. Nc4 Rxf5 47. Rc5 Rg5+ 48. Kf1 e4 49. Rc7 Rd5 50. Re7 Kf8
51. Rb7 Nd7 52. f3 f5 53. fxe4 fxe4 54. Ke2 Nf6 55. Ra7 Nh5 56. Nb6 Rb5 57.
Nc4 Nf4+ 58. Kf2 Rb3 59. h4 e3+ 60. Kf3 e2+ 61. Kf2 Rb1 0-1

[Event "IX EICC"]
[Site "Plovdiv BUL"]
[Date "2008.04.30"]
[Round "9"]
[White "Sargissian,G"]
[Black "Miladinovic,I"]
[Result "1-0"]
[WhiteElo "2643"]
[BlackElo "2579"]
[EventDate "2008.04.21"]

1. d4 d5 2. c4 Nc6 3. Nc3 Nf6 4. Nf3 Bf5 5. cxd5 Nxd5 6. Qb3 e6 7. e4 Nxc3
8. exf5 Nd5 9. Bd2 Qd6 10. Qxb7 Rb8 11. Qa6 exf5 12. Rc1 Qe6+ 13. Be2 Rb6
14. Qa4 Bb4 15. Bxb4 Ndxb4 16. O-O O-O 17. Bc4 Qd6 18. a3 Nd5 19. Bxd5 Qxd5
20. Rc5 Qd6 21. Rfc1 Nd8 22. b4 Ne6 23. Qc2 g6 24. d5 Nf4 25. Rxc7 Qxd5 26.
Rd1 Qa8 27. Rc4 Nh5 28. Nd4 Rf6 29. b5 a6 30. a4 axb5 31. axb5 Rd6 32. Nc6
Re6 33. Rcd4 Qe8 34. Qc3 f6 35. Rd8 Qf7 36. Rxf8+ Qxf8 37. b6 Kg7 38. b7
Nf4 39. Qc4 Qd6 40. Qf1 Ne2+ 41. Kh1 Qxc6 42. b8=Q f4 43. Qb3 1-0

[Event "IX EICC"]
[Site "Plovdiv BUL"]
[Date "2008.04.30"]
[Round "9"]
[White "Mamedov,Rau"]
[Black "Grigoriants,S RUS"]
[Result "1-0"]
[WhiteElo "2617"]
[BlackElo "2573"]
[EventDate "2008.04.21"]

1. e4 c5 2. c3 e6 3. d4 d5 4. exd5 Qxd5 5. Nf3 Nf6 6. Bd3 Nc6 7. O-O Qd8 8.
dxc5 Bxc5 9. Qe2 Qc7 10. Nbd2 Be7 11. c4 b6 12. b3 Bb7 13. Bb2 Rd8 14. Rad1
O-O 15. Bb1 Qf4 16. Ne4 Rxd1 17. Rxd1 Nxe4 18. Bxe4 Rd8 19. Rxd8+ Nxd8 20.
Bxb7 Nxb7 21. g3 Qc7 22. Qe4 Qc8 23. Nd4 Bf8 24. Nc6 Nc5 25. Qf3 a5 26. Bd4
f6 27. Na7 Qd7 28. Nb5 e5 29. Bxc5 Bxc5 30. Nc3 Qd2 31. Ne4 Qd4 32. Kg2 Be7
33. h4 Qd7 34. Nc3 Kf7 35. Nd5 Bd8 36. Qd3 g6 37. Qe3 Qe6 38. a3 Kg7 39. b4
axb4 40. axb4 Qc6 41. Qd3 Kf7 42. Kg1 f5 43. Qb3 Ke6 44. Ne3 Kd7 45. Nd5
Ke6 46. Qa2 b5 47. Ne3 bxc4 48. Nxc4 Kf6 49. Ne3 Bb6 50. Nd5+ Kg7 51. Nxb6
Qxb6 52. Qc4 Kf6 53. b5 Ke7 54. Qd5 Qd6 55. Qg8 h5 56. Qa8 e4 57. Qa7+ Ke6
58. Qa6 Kd7 59. b6 e3 60. Qb5+ Kc8 61. Qe8+ Kb7 62. Qxe3 Qxb6 63. Qxb6+
Kxb6 64. Kg2 Kc6 65. Kf3 Kd5 66. Kf4 Ke6 67. Kg5 Kf7 68. Kh6 f4 69. gxf4
Kf6 70. f3 1-0

[Event "IX EICC"]
[Site "Plovdiv BUL"]
[Date "2008.04.30"]
[Round "9"]
[White "Sokolov,And1"]
[Black "Ter Sahakyan,S"]
[Result "1-0"]
[WhiteElo "2596"]
[BlackElo "2449"]
[EventDate "2008.04.21"]

1. e4 c5 2. Nc3 d6 3. g3 Nc6 4. Bg2 g6 5. d3 Bg7 6. Be3 e6 7. Qd2 Nd4 8.
Nd1 Ne7 9. c3 Ndc6 10. Bh6 O-O 11. Bxg7 Kxg7 12. Ne3 d5 13. Nf3 dxe4 14.
dxe4 Qxd2+ 15. Nxd2 Ne5 16. Ndc4 Nxc4 17. Nxc4 Bd7 18. O-O-O Bc6 19. Rd2
Rfd8 20. Rhd1 Rxd2 21. Rxd2 Kf8 22. f4 h6 23. Ne5 Ke8 24. Ng4 Ng8 25. e5
Bxg2 26. Rxg2 Ke7 27. Rd2 Rf8 28. Kc2 f6 29. h4 Rf7 30. Kb3 Rg7 31. Kc4 g5
32. exf6+ Nxf6 33. Nxf6 Kxf6 34. fxg5+ hxg5 35. Rf2+ Ke5 36. h5 g4 37. Re2+
Kf6 38. h6 Re7 39. Rh2 Kg6 40. h7 Rxh7 41. Rxh7 Kxh7 42. Kxc5 Kg6 43. Kd4
Kf5 44. c4 a5 45. b3 Kf6 46. a3 Kf5 47. b4 a4 48. c5 e5+ 49. Kd5 e4 50. Kd4
e3 51. Kxe3 Ke5 52. Kd3 Kd5 53. Kc3 1-0